<?xml version="1.0" encoding="UTF-8"?>
<record
    xmlns:xsi="http://www.w3.org/2001/XMLSchema-instance"
    xsi:schemaLocation="http://www.loc.gov/MARC21/slim http://www.loc.gov/standards/marcxml/schema/MARC21slim.xsd"
    xmlns="http://www.loc.gov/MARC21/slim">

  <leader>01211nam a22002775a 4500</leader>
  <controlfield tag="008">090625t2008    waua|||fr|||| 00| 0 eng d</controlfield>
  <datafield tag="020" ind1=" " ind2=" ">
    <subfield code="a">9780821373880</subfield>
  </datafield>
  <datafield tag="020" ind1=" " ind2=" ">
    <subfield code="a">9780821373903</subfield>
  </datafield>
  <datafield tag="022" ind1=" " ind2=" ">
    <subfield code="a">10205454</subfield>
  </datafield>
  <datafield tag="040" ind1=" " ind2=" ">
    <subfield code="a">EG-ScBuE</subfield>
    <subfield code="b">eng</subfield>
    <subfield code="c">EG-ScBuE</subfield>
  </datafield>
  <datafield tag="082" ind1="0" ind2="4">
    <subfield code="2">22</subfield>
    <subfield code="a">336.3435091724</subfield>
    <subfield code="b">GLO</subfield>
  </datafield>
  <datafield tag="245" ind1="0" ind2="0">
    <subfield code="a">Global development finance /</subfield>
    <subfield code="c">the world bank.</subfield>
  </datafield>
  <datafield tag="260" ind1=" " ind2=" ">
    <subfield code="a">Washington :</subfield>
    <subfield code="b">The International Bank for reconstruction and development,</subfield>
    <subfield code="c">c.2008.</subfield>
  </datafield>
  <datafield tag="300" ind1=" " ind2=" ">
    <subfield code="a">2 v. : </subfield>
    <subfield code="b">ill., maps ; </subfield>
    <subfield code="c">28 cm. </subfield>
  </datafield>
  <datafield tag="500" ind1=" " ind2=" ">
    <subfield code="a">V.1 Review, analysis &amp; Outlook; V.2 Summary and Country tables</subfield>
  </datafield>
  <datafield tag="505" ind1=" " ind2=" ">
    <subfield code="a">[vol. 1]. review, analysis, And outlook-- [vol.2]. Summary and country tables</subfield>
  </datafield>
  <datafield tag="590" ind1=" " ind2=" ">
    <subfield code="a">yassmeen ashraf</subfield>
  </datafield>
  <datafield tag="650" ind1=" " ind2="0">
    <subfield code="a">Debts, External </subfield>
    <subfield code="v">Periodicals.</subfield>
    <subfield code="x">Developing countries</subfield>
    <subfield code="x">Statistics</subfield>
    <subfield code="9">7015</subfield>
    <subfield code="2">BUEsh</subfield>
  </datafield>
  <datafield tag="650" ind1=" " ind2="0">
    <subfield code="a">Finance</subfield>
    <subfield code="v">Periodicals.</subfield>
    <subfield code="x">Developing countries</subfield>
    <subfield code="x">Statistics</subfield>
    <subfield code="9">7016</subfield>
    <subfield code="2">BUEsh</subfield>
  </datafield>
  <datafield tag="650" ind1=" " ind2="0">
    <subfield code="a">Developing countries</subfield>
    <subfield code="v">Periodicals.</subfield>
    <subfield code="x">Economic conditions</subfield>
    <subfield code="x">Statistics</subfield>
    <subfield code="9">7017</subfield>
    <subfield code="2">BUEsh</subfield>
  </datafield>
  <datafield tag="650" ind1=" " ind2="0">
    <subfield code="a">International economic relations</subfield>
    <subfield code="v">Periodicals.</subfield>
    <subfield code="x">Statistics</subfield>
    <subfield code="9">7018</subfield>
    <subfield code="2">BUEsh</subfield>
  </datafield>
  <datafield tag="651" ind1=" " ind2=" ">
    <subfield code="2">BUEsh</subfield>
  </datafield>
  <datafield tag="653" ind1=" " ind2=" ">
    <subfield code="b">BUSECO</subfield>
    <subfield code="c">August2014</subfield>
  </datafield>
  <datafield tag="710" ind1=" " ind2=" ">
    <subfield code="a">The International Bank for reconstruction and development</subfield>
    <subfield code="9">7031</subfield>
  </datafield>
  <datafield tag="942" ind1=" " ind2=" ">
    <subfield code="2">ddc</subfield>
    <subfield code="c">BB</subfield>
  </datafield>
  <datafield tag="999" ind1=" " ind2=" ">
    <subfield code="c">12054</subfield>
    <subfield code="d">12054</subfield>
  </datafield>
  <datafield tag="952" ind1=" " ind2=" ">
    <subfield code="0">0</subfield>
    <subfield code="1">0</subfield>
    <subfield code="2">ddc</subfield>
    <subfield code="4">0</subfield>
    <subfield code="7">0</subfield>
    <subfield code="8">MERIC</subfield>
    <subfield code="a">MAIN</subfield>
    <subfield code="b">MAIN</subfield>
    <subfield code="c">1ST</subfield>
    <subfield code="d">2009-06-25</subfield>
    <subfield code="e">purchase</subfield>
    <subfield code="g">1161.00</subfield>
    <subfield code="h">9103</subfield>
    <subfield code="l">1</subfield>
    <subfield code="o">336.3435091724 GLO</subfield>
    <subfield code="p">000016962</subfield>
    <subfield code="r">2025-07-15 00:00:00</subfield>
    <subfield code="s">2016-08-07</subfield>
    <subfield code="y">BB</subfield>
    <subfield code="z">Vol 2</subfield>
  </datafield>
  <datafield tag="952" ind1=" " ind2=" ">
    <subfield code="0">0</subfield>
    <subfield code="1">0</subfield>
    <subfield code="2">ddc</subfield>
    <subfield code="4">0</subfield>
    <subfield code="7">0</subfield>
    <subfield code="8">MERIC</subfield>
    <subfield code="a">MAIN</subfield>
    <subfield code="b">MAIN</subfield>
    <subfield code="c">1ST</subfield>
    <subfield code="d">2009-06-25</subfield>
    <subfield code="e">purchase</subfield>
    <subfield code="g">580.50</subfield>
    <subfield code="h">9103</subfield>
    <subfield code="l">1</subfield>
    <subfield code="o">336.3435091724 GLO</subfield>
    <subfield code="p">000016963</subfield>
    <subfield code="r">2025-07-15 00:00:00</subfield>
    <subfield code="s">2016-08-07</subfield>
    <subfield code="y">BB</subfield>
    <subfield code="z">Vol 1</subfield>
  </datafield>
</record>
